00594nam a2200145 a 450000100080000000500110000800800410001910000160006024500290007626000720010530000090017749000270018652002260021365000090043919408082013-01-11 1973 bl uuuu u0uu1 u #d1 aGUEVARA, J. aCultivo del frijol soya. aComayaguela D.C: Direccion General de Desarrollo Agropecuarioc1973 a6 p. a(Boletin popular, 28). aOrigen de la soya. Descripcion de la planta. Variedades. Ciclo vegetativo. Clima y suelo. Inoculacion del suelo. Procedimiento. Siembra. Cultivo. Fertilizacion. Utilizacion de la soya. Principales aplicaciones de la soya. aSoja